Návrh riadenia systému s diferenciálnym podvozkom pomocou umelej neurónovej siete

Salvato in:
Dettagli Bibliografici
Autore principale: Vanca, Ivan (Autore)
Altri autori: Skirkanič, Jaromír (Relatore della tesi)
Natura: Manoscritto Libro
Lingua:slovacco
Pubblicazione: Bratislava : STU v Bratislave FEI, 2025
Soggetti:
Accesso online:https://opac.crzp.sk/?fn=detailBiblioFormChildIDGSV&sid=BA75C2D62745AD5727EC969ED92F&seo=CRZP-detail-kniha
Tags: Aggiungi Tag
Nessun Tag, puoi essere il primo ad aggiungerne!!

MARC

LEADER 00000ntm a22000003a 4500
001 stuzp101848
003 SK-STU
005 20260210130743.6
007 ta
008 150427s2015----xo-----f-mn---000-0-slo-d
040 |a STU  |b slo 
041 0 |a slo 
044 |a xo 
100 1 |a Vanca, Ivan  |u 031000  |4 aut  |U FEI Fakulta elektrotechniky a informatiky  |T FEI Ústav robotiky a kybernetiky  |X 120555  |U E011  |Y 356  |7 120555 
242 0 1 |a Design of Control of a System with Differential Chassis Using Artificial Neural Network  |y eng 
245 1 0 |a Návrh riadenia systému s diferenciálnym podvozkom pomocou umelej neurónovej siete 
260 |a Bratislava :  |b STU v Bratislave FEI,  |c 2025 
300 |a 66 s. 
650 4 |a neurónová sieť  |2 slo 
650 4 |a genetický algoritmus  |2 slo 
650 4 |a diferenciálny podvozok  |2 slo 
650 4 |a autonómne riadenie  |2 slo 
650 4 |a neural network  |2 eng 
650 4 |a genetic algorithm  |2 eng 
650 4 |a differential drive  |2 eng 
650 4 |a autonomous control  |2 eng 
700 1 |a Skirkanič, Jaromír  |u 031000  |k Z3  |4 ths  |U FEI Fakulta elektrotechniky a informatiky  |T FEI Ústav robotiky a kybernetiky  |X 92631  |U E011  |Y 356  |7 92631 
856 4 |u https://opac.crzp.sk/?fn=detailBiblioFormChildIDGSV&sid=BA75C2D62745AD5727EC969ED92F&seo=CRZP-detail-kniha